书目信息 |
| 题名: |
同源字典
|
|
| 作者: | 王力 著 | |
| 分册: | ||
| 出版信息: | 北京 商务印书馆 1982 |
|
| 页数: | 695页 | |
| 开本: | 21cm | |
| 丛书名: | ||
| 单 册: | ||
| 中图分类: | H139-61 | |
| 科图分类: | ||
| 主题词: | 汉语--han yu , 同源词--tong yuan ci , 汉语--han yu--同源词--字典 | |
| 电子资源: | ||
| ISBN: | 7-100-01124-8 | |
| 000 | 00963nam0 2200313 450 | |
| 000 | 00990nam0 2200313 450 | |
| 000 | 00953nam0 2200301 450 | |
| 000 | 00936nam0 2200301 450 | |
| 000 | 00899nam0 2200289 450 | |
| 001 | CAL 012006066300 | |
| 005 | 20061027154136.42 | |
| 010 | @a7-100-01124-8@dCNY25.50 | |
| 099 | @aCAL 012006066300 | |
| 100 | @a20060825e19991982em y0chiy0120 ea | |
| 101 | 0 | @achi |
| 102 | @aCN@b110000 | |
| 105 | @ay a 000yy | |
| 200 | 1 | @a同源字典@Atong yuan zi dian@f王力著 |
| 210 | @a北京@c商务印书馆@d1982@h1999 | |
| 215 | @a695页@d21cm | |
| 320 | @a冠: 引用书目 (第74-77页) | |
| 330 | @a本书包括同源字论, 汉语滋生词的语法分析, 古音说略, 引用书目, 同源字典凡例, 同源字典正文音序检字表, 部首检字表等。 | |
| 606 | 0 | @a汉语@Ahan yu |
| 606 | 0 | @a同源词@Atong yuan ci |
| 606 | 0 | @a汉语@Ahan yu@x同源词@j字典 |
| 690 | @aH139-61@v4 | |
| 701 | 0 | @a王力@Awang li@4著 |
| 801 | 0 | @aCN@c20061027 |
| 905 | @a10447@dH139-61@eW253 | |
| 同源字典/王力著.-北京:商务印书馆,1982(1999) |
| 695页;21cm |
| ISBN 7-100-01124-8:CNY25.50 |
| 本书包括同源字论, 汉语滋生词的语法分析, 古音说略, 引用书目, 同源字典凡例, 同源字典正文音序检字表, 部首检字表等。 |
| ● |
| 相关链接 |
|
|
|
正题名:同源字典
索取号:H139-61/W253
 
预约/预借
| 序号 | 登录号 | 条形码 | 馆藏地/架位号 | 状态 | 备注 |
| 1 | 632135 | 206321354 | 语言库209/209语言库 73排2列4层/ [索取号:H139-61/W253] | 在馆 | |
| 2 | 632136 | 206321363 | 语言库209/209语言库 73排2列4层/ [索取号:H139-61/W253] | 在馆 | |
| 3 | 632137 | 206321372 | 语言库209/209语言库 73排2列4层/ [索取号:H139-61/W253] | 在馆 |